00780cam a22002054a 4500020001500000040000800015082002600023100002300049245011600072250001200188260004900200300004100249650002200290650003100312700001900343856005600362942001000418999001700428952012900445 a1875093443 cDLC00a615 BRI 2004 C155 Or.1 aVan Wyk, Ben-Erik.10aMedicinal plants of the world :ban illustrated scientific guide to important medicinal plants and their uses / a1st ed. aPretoria, South Africa :bBriza Pub.,c2004. a480 p. :bill. (some col.) ;c25 cm. 0aMedicinal plants. 0aMateria medica, Vegetable.1 aWink, Michael.41uhttp://www.loc.gov/catdir/toc/fy045/2004377998.html cAEDBB c18833d18833 0010406615_000000000000000_BRI_2004_C155_OR70983403aLBCbLBCd2020-01-28eA39359o615 BRI 2004 C155 Or.r2020-01-28yEK